Statistics for Wonky Word Clicking - F

Click here to take the quiz!

General Stats

  • This quiz has been taken 185 times
    (183 since last reset)
  • The average score is 10 of 15

Answer Stats

HintAnswer% Correct
Flabbergasted
91%
Flimflam
88%
Fisticuffs
83%
Froufrou
83%
Fandango
78%
Flummoxed
78%
Fiddlesticks
68%
Finagle
67%
Fricassee
66%
Flibbertigibbet
58%
Flubdub
57%
Flapdoodle
42%
Fussbudget
39%
Foofaraw
35%
Flumadiddle
27%

Score Distribution

Percentile by Number Answered

Percent of People with Each Score

Your Score History

You have not taken this quiz since the last reset